000 00464nam a2200181Ia 4500
005 20240823010619.0
008 240823s9999||||xx |||||||||||||| ||und||
041 _aENGLISH
082 _A005.73 P0
100 _a"Kruse,Robert L [et al]"
245 0 _aData Structures and Program Design in C
250 _a1st
260 _c2000
_b"PHI,New Delhi"
500 _aTRANSFERED
650 _aData Structure
_bComputer Applications
942 _cBK
999 _c159133
_d159133